CONTROLED DRUG DELIVERY FUNDAMENTALS AND APPLICATIONS [VOL-20] (Record no. 8605)

MARC details
000 -LEADER
fixed length control field 00512nam a22001817a 4500
005 - DATE AND TIME OF LATEST TRANSACTION
control field 20240902120203.0
008 - FIXED-LENGTH DATA ELEMENTS--GENERAL INFORMATION
fixed length control field 240831b |||||||| |||| 00| 0 eng d
020 ## - INTERNATIONAL STANDARD BOOK NUMBER
ISBN 978-1-138-09871-8
041 ## - LANGUAGE CODE
Language code of text/sound track or separate title eng
082 ## - DEWEY DECIMAL CLASSIFICATION NUMBER
Classification number 615.191 ROB
100 ## - MAIN ENTRY--AUTHOR NAME
Personal name ROBINSON, JOSHEPH R. AND LEE, VINCENT H.L
245 ## - TITLE STATEMENT
Title CONTROLED DRUG DELIVERY FUNDAMENTALS AND APPLICATIONS [VOL-20]
250 ## - EDITION STATEMENT
Edition statement 2ND ED.
260 ## - PUBLICATION, DISTRIBUTION, ETC. (IMPRINT)
Place of publication NEW YORK
Name of publisher CRC PRESS
Year of publication 1987
300 ## - PHYSICAL DESCRIPTION
Number of Pages 716;P
650 ## - SUBJECT ADDED ENTRY--TOPICAL TERM
Topical Term PHARMACY
General subdivision M.PHARMA
942 ## - ADDED ENTRY ELEMENTS (KOHA)
Koha item type Books
Holdings
Lost status Damaged status Collection code Home library Current library Shelving location Date acquired Source of acquisition Cost, normal purchase price Full call number Accession Number Koha item type
    Reference JRU Library JRU Library SHELF -11-D 30/08/2024 PURCHASE 4995.00 615.191 28347 Books